Средняя Азия. Архитектурные памятники IX-XIX веков: [фотоальбом]

Bibliographic Details
Other Authors: Бородина И. (составитель), Гиппенрейтер В. Е. Вадим Евгеньевич
Language:Russian
Published: Москва, Планета, 1985
Subjects:
Format: MixedMaterials Book
KOHA link:https://koha.lib.tpu.ru/cgi-bin/koha/opac-detail.pl?biblionumber=351477

MARC

LEADER 00000nam0a2200000 4500
001 351477
005 20231102010416.0
020 |a RU  |b 85-12126и 
035 |a (RuTPU)RU\TPU\retro\6526 
090 |a 351477 
100 |a 20190606d1985 m y0rusy5003 ca 
101 0 |a rus 
102 |a RU 
105 |a a z 001zy 
200 1 |a Средняя Азия. Архитектурные памятники IX-XIX веков  |e [фотоальбом]  |f сост. и автор текста И. Бородина ; фот. В. Е. Гиппенрейтер 
210 |a Москва  |c Планета  |d 1985 
215 |a [237] с.  |c ил., цв. ил.  |d 33 см 
320 |a Указ.: с. 214 
320 |a Литература: с. 215 
606 1 |a Архитектурные памятники городов  |x История  |2 stltpush  |3 (RuTPU)RU\TPU\subj\29494  |9 52809 
610 1 |a Средняя Азия 
610 1 |a альбомы 
610 1 |a история 
610 1 |a Самарканд 
610 1 |a Бухара 
610 1 |a Хива 
675 |a 711.424(084)  |z rus  |v 3 
702 1 |a Бородина  |b И.  |4 220 
702 1 |a Гиппенрейтер  |b В. Е.  |g Вадим Евгеньевич  |4 600 
801 0 |a RU  |b RuMRKP  |c 19950704  |g psbo 
801 1 |a RU  |b 63413507  |c 20190606 
801 2 |a RU  |b 63413507  |c 20190606  |g RCR 
942 |c BK